| 000 -LEADER |
| fixed length control field |
01017cam a2200313 i 4500 |
| 020 ## - INTERNATIONAL STANDARD BOOK NUMBER |
| ISBN |
9784924971349 |
| 020 ## - INTERNATIONAL STANDARD BOOK NUMBER |
| ISBN |
4924971340 |
| 040 ## - CATALOGING SOURCE |
| Transcribing agency |
LWU |
| 041 1# - LANGUAGE CODE |
| Language code of original and/or intermediate translations of text |
jpn |
| 082 04 - DEWEY DECIMAL CLASSIFICATION NUMBER |
| Classification number |
746INT 2013 A085 Or. |
| 100 1# - MAIN ENTRY--AUTHOR NAME |
| Personal name |
Tanaka, Yūko, |
| 245 14 - TITLE STATEMENT |
| Title |
The power of the weave : |
| Remainder of title |
the hidden meanings of cloth / |
| 246 30 - VARYING FORM OF TITLE |
| Title proper/short title |
Hidden meanings of cloth |
| 250 ## - EDITION STATEMENT |
| Edition statement |
First English edition. |
| 300 ## - PHYSICAL DESCRIPTION |
| Number of Pages |
xiii, 222 pages, 12 unnumbered pages of plates : |
| Other physical details |
illustrations (some color) ; |
| Dimensions |
24 cm. |
| 490 1# - SERIES STATEMENT |
| Series statement |
LTCB international library selection ; |
| 500 ## - GENERAL NOTE |
| General note |
"LTCB International Library Trust/International House of Japan." |
| 500 ## - GENERAL NOTE |
| General note |
Translation of: Nuno no chikara : Edo kara ima e. |
| 650 #0 - SUBJECT ADDED ENTRY--TOPICAL TERM |
| Topical Term |
Textile fabrics |
| 650 #0 - SUBJECT ADDED ENTRY--TOPICAL TERM |
| Topical Term |
Textile fabrics |
| 650 #7 - SUBJECT ADDED ENTRY--TOPICAL TERM |
| Topical Term |
Textile fabrics. |
| 650 #7 - SUBJECT ADDED ENTRY--TOPICAL TERM |
| Topical Term |
Textile fabrics |
| 650 #7 - SUBJECT ADDED ENTRY--TOPICAL TERM |
| Topical Term |
Textilier |
| 650 #7 - SUBJECT ADDED ENTRY--TOPICAL TERM |
| Topical Term |
Textilier |
| 700 1# - ADDED ENTRY--PERSONAL NAME |
| Personal name |
Harcourt, Geraldine, |
| 710 2# - ADDED ENTRY--CORPORATE NAME |
| Corporate name or jurisdiction name as entry element |
LTCB International Library Trust. |
| 710 2# - ADDED ENTRY--CORPORATE NAME |
| Corporate name or jurisdiction name as entry element |
Kokusai Bunka Kaikan (Tokyo, Japan) |
| 942 ## - ADDED ENTRY ELEMENTS (KOHA) |
| Koha item type |
សៀវភៅភាសាអង់គ្លេស |
| 952 ## - LOCATION AND ITEM INFORMATION (KOHA) |
| Withdrawn status [LOCAL, KOHA] |
0 |